01109nam a2200313Ia 450000500170000000800270001702000180004408200140006210000280007624501140010425000350021830000590025350000380031253400290035065000320037965000400041165000310045165000290048265000310051170000340054270000400057694200120061626400290062833600270065733700330068433800280071704000350074599900150078020220317000313.0141031s9999 ck 000 0 spa d a978958422312804a366bB13m1 aBaigent, Michaeld1948-10aMasones y templarios bsus vínculos ocultoscMichael Baigent, Richard Leigh ; traducción Gerardo di Masso a1a ediciónb2a reimpresión a332 páginasbilustraciones en blanco y negroc24 cm. aIncluye bibliografía e índice tThe temple and the lodge142LEMBaMasoneríaxHistoria142LEMBaSociedades secretasxHistoria142LEMBaMisterios religiosos142LEMBaOrdenes religiosas142LEMBaTemplariosxHistoria1 aLeigh, Richard,d1943-9123561 aMasso, Gerardo dietraductor912357 2ddccBK aBogotá bPlanetac2011 atextobtxt2rdacontent asin mediaciónbn2rdamedia avolumenbnc2rdacarrier aCO-BoRNBPbspaerdacCO-BoRNBP c3670d3670